দীওআন-ই হাফিয / (Record no. 48078)
[ view plain ]
| 000 -LEADER | |
|---|---|
| fixed length control field | 00870nam a22002417a 4500 |
| 001 - CONTROL NUMBER | |
| control field | 48078 |
| 003 - CONTROL NUMBER IDENTIFIER | |
| rucl marc code | BD-RjUL |
| 005 - DATE AND TIME OF LATEST TRANSACTION | |
| control field | 20211209054445.0 |
| 008 - FIXED-LENGTH DATA ELEMENTS--GENERAL INFORMATION | |
| fixed length control field | 160811s1959 bg ||||| |||| 00| 0 ben d |
| 020 ## - INTERNATIONAL STANDARD BOOK NUMBER | |
| Terms of availability | : TK 5.00 |
| 035 ## - SYSTEM CONTROL NUMBER | |
| System control number | (BD-RjUL)48197 |
| 040 ## - CATALOGING SOURCE | |
| Original cataloging agency | BD-RjUL |
| Language of cataloging | ben |
| Transcribing agency | BD-RjUL |
| 041 ## - LANGUAGE CODE | |
| Language code of text/sound track or separate title | ben |
| 082 ## - DEWEY DECIMAL CLASSIFICATION NUMBER | |
| Edition number | 23 |
| Classification number | 891.51 |
| Author mark and year | SHD 1959 |
| 100 ## - MAIN ENTRY--PERSONAL NAME | |
| Personal name | শহীদুল্লাহ, মুহম্মদ |
| 9 (RLIN) | 145753 |
| 245 10 - TITLE STATEMENT | |
| Title | দীওআন-ই হাফিয / |
| Statement of responsibility, etc. | মুহম্মদ শহীদুল্লাহ |
| 250 ## - EDITION STATEMENT | |
| Edition statement | ২য় সং. |
| 260 ## - PUBLICATION, DISTRIBUTION, ETC. (IMPRINT) | |
| Place of publication, distribution, etc. | ঢাকা : |
| Name of publisher, distributor, etc. | রেনেসাস প্রন্টার্স, |
| Date of publication, distribution, etc. | ১৯৫৯ |
| 300 ## - PHYSICAL DESCRIPTION | |
| Pagination | ৬৫ পৃ. : |
| Illustrations | চিত্র ; |
| Size | ২১ সেমি. |
| 650 ## - SUBJECT ADDED ENTRY--TOPICAL TERM | |
| Topical term or geographic name as entry element | ইরানীয়ান কবিতা |
| 9 (RLIN) | 145754 |
| Topical term or geographic name as entry element | Iranian Poetry |
| 9 (RLIN) | 145742 |
| 942 ## - ADDED ENTRY ELEMENTS (KOHA) | |
| Source of classification or shelving scheme | Dewey Decimal Classification |
| Koha item type | Books |
| Lost status | Source of classification or shelving scheme | Damaged status | Not for loan | Collection code | Permanent Location | Current Location | Shelving location | Date acquired | Source of acquisition | Cost, normal purchase price | Total Checkouts | Full call number | Date last seen | Copy number | Koha item type | Date checked out |
|---|---|---|---|---|---|---|---|---|---|---|---|---|---|---|---|---|
| Dewey Decimal Classification | Non-fiction | Central Library, University of Rajshahi | Central Library, University of Rajshahi | 09/06/1968 | Nawrse | 3.00 | B 891.51 SHD 1959 | 11/08/2016 | C-2 | Books | ||||||
| Dewey Decimal Classification | Non-fiction | Central Library, University of Rajshahi | Central Library, University of Rajshahi | 09/06/1968 | Nawrse | 3.00 | B 891.51 SHD 1959 | 11/08/2016 | C-3 | Books | ||||||
| Dewey Decimal Classification | Non-fiction | Central Library, University of Rajshahi | Central Library, University of Rajshahi | 17/01/1965 | Ideal | 5.00 | B 891.51 SHD 1959 | 20/08/2016 | C-4 | Books | ||||||
| Dewey Decimal Classification | Non-fiction | Central Library, University of Rajshahi | Central Library, University of Rajshahi | 17/01/1965 | Ideal | 5.00 | 1 | B 891.51 SHD 1959 | 28/12/2016 | C-5 | Books | 27/12/2016 | ||||
| Dewey Decimal Classification | Non-fiction | Central Library, University of Rajshahi | Central Library, University of Rajshahi | 15/12/1966 | N/A | 5.00 | B 891.51 SHD 1959 | 20/08/2016 | C-6 | Books | ||||||
| Dewey Decimal Classification | Non-fiction | Central Library, University of Rajshahi | Central Library, University of Rajshahi | 05/06/1968 | N/A | 5.00 | B 891.51 SHD 1959 | 20/08/2016 | C-7 | Books | ||||||
| Dewey Decimal Classification | Non-fiction | Central Library, University of Rajshahi | Central Library, University of Rajshahi | 05/06/1968 | N/A | 5.00 | B 891.51 SHD 1959 | 20/08/2016 | C-8 | Books | ||||||
| Dewey Decimal Classification | Non-fiction | Central Library, University of Rajshahi | Central Library, University of Rajshahi | 05/06/1968 | N/A | 5.00 | B 891.51 SHD 1959 | 20/08/2016 | C-9 | Books | ||||||
| Dewey Decimal Classification | Non-fiction | Central Library, University of Rajshahi | Central Library, University of Rajshahi | 05/06/1968 | N/A | 5.00 | 2 | B 891.51 SHD 1959 | 10/04/2018 | C-10 | Books | 03/04/2018 | ||||
| Dewey Decimal Classification | Not For Loan | Non-fiction | Central Library, University of Rajshahi | Central Library, University of Rajshahi | Reading Room | 18/01/1965 | Dhaka, Ideal library | 5.00 | B 891.51 SHD 1959 | 02/10/2016 | C-1 | Books |